[Event "ch-SWE"]
[Site "Orebro SWE"]
[Date "2000.07.15"]
[Round "13"]
[White "Ingbrandt,J"]
[Black "Hillarp Persson,T"]
[Result "1-0"]
[WhiteElo "2402"]
[BlackElo "2549"]
[Annotator ""]

1.Nf3 g6 2.g3 Bg7 3.d4 d6 4.Bg2 Nd7 5.c4 e5 6.Nc3 Ngf6 7.O-O
O-O 8.Qc2 c6 9.Rd1 Qe7 10.e4 a6 11.h3 h6 12.Be3 exd4 13.Nxd4
Re8 14.Re1 Rb8 15.f4 c5 16.Nb3 b6 17.Bf2 Bb7 18.Rad1 Ba8 19.Qd2
Bf8 20.a4 Rbd8 21.Na1 Nb8 22.Nc2 Nc6 23.Nd5 Qe6 24.Nc7 Qxc4 25.Nxa8
Rxa8 26.e5 dxe5 27.Bxc6 Rad8 28.Qc3 Qxc3 29.bxc3 Rxd1 30.Rxd1
Re6 31.fxe5 Rxc6 32.exf6 Rxf6 33.Ne3 b5 34.axb5 axb5 35.Rd8 Rd6
36.Rb8 Rd3 37.Rxb5 Rxc3 38.Rb8 Kg7 39.Rc8 Bd6 40.Kg2 Be5 41.Ng4
Bd4 42.Bxd4+ cxd4 43.Rd8 h5 44.Nf2 Rc4 45.Ne4 Ra4 46.h4 Ra2+
47.Kf3 Ra3+ 48.Kf4 Ra5 49.Rxd4 Rf5+ 50.Ke3 f6 51.Rd7+ Kg8 52.Rd5 1-0

[Event "ch-SWE"]
[Site "Orebro SWE"]
[Date "2000.07.15"]
[Round "13"]
[White "Wedberg,T"]
[Black "Ernst,T"]
[Result "1-0"]
[WhiteElo "2473"]
[BlackElo "2409"]
[Annotator ""]

1.e4 c5 2.Nf3 d6 3.d4 cxd4 4.Qxd4 Nf6 5.Nc3 e6 6.e5 Nc6 7.Bb5
dxe5 8.Qxd8+ Kxd8 9.Bxc6 bxc6 10.Nxe5 Ke8 11.O-O Bb7 12.Rd1 Be7
13.b3 Nd5 14.Ne4 f6 15.Nc4 Rd8 16.Ba3 Bxa3 17.Nxa3 Ke7 18.Nc4
e5 19.Nc5 Ba8 20.Re1 Nb4 21.Re2 Rd5 22.c3 Nd3 23.Nxd3 Rxd3 24.f4
Rxc3 25.fxe5 f5 26.Rd1 Rd8 27.Rxd8 Kxd8 28.e6 Ke7 29.Nd6 g6 30.Nc8+
Ke8 31.Nd6+ Ke7 32.Nc8+ Ke8 33.e7 Rd3 34.Re6 Bb7 35.Nd6+ Rxd6
36.Rxd6 Kxe7 37.Rd4 g5 38.g3 c5 39.Rc4 Kd6 40.Kf2 Bc6 41.Ke3
a5 42.h4 h6 43.hxg5 hxg5 44.Rc2 a4 45.bxa4 Bxa4 46.Rh2 f4+ 47.gxf4
gxf4+ 48.Kxf4 c4 49.Rh5 Bd1 50.Rh1 Ba4 51.Rh5 Bd1 52.Rb5 Kc6
53.Rb8 Kc5 54.Ke3 Ba4 55.Kd2 Bd7 56.Kc3 Bf5 57.Rb2 Bd7 58.Rb7
Bf5 59.Rc7+ Kb5 60.Rxc4 Be6 61.a4+ Ka5 62.Re4 Bf7 63.Kb2 Bg6
64.Rg4 Bd3 65.Kb3 Be2 66.Rg5+ Kb6 67.Kb4 Bf1 68.Rg6+ Kb7 69.Kc5
Be2 70.Rf6 Ka7 71.Re6 Bf1 72.Kb4 Kb7 73.Ka5 Bd3 74.Re7+ Kc6 75.Re3
Bf1 76.Rb3 Kc7 77.Rb2 Kc6 78.Kb4 Kb6 79.Rf2 Bd3 80.Rf6+ Kb7 81.Kc5
Be2 82.Rf2 Bd3 83.Rb2+ Ka7 84.Rb3 Bf1 85.Rg3 Be2 86.Re3 Bf1 87.Rf3
Be2 88.Rf2 Bd3 89.Kd4 Ba6 90.Rf7+ Kb6 91.Kc3 Be2 92.Kb4 Bd3 93.Rf6+
Kb7 94.Ka5 Be2 95.Rf7+ Kc6 96.Rf2 Bd3 97.Rd2 Bf1 98.Rb2 Kc7 99.Rf2
Bd3 100.Kb4 Kb7 101.Rf6 Be2 102.Kc5 Bd3 103.a5 Be2 104.a6+ Ka7
105.Rc6 Bf1 106.Kb4 Bxa6 107.Ka5 Bf1 108.Rc7+ Kb8 109.Kb6 Be2
110.Re7 Bg4 111.Re8+ Bc8 112.Rh8 1-0